Impact of the economic crisis on education
In the last two decades, the number of children enrolling in school in the Asia and the Pacific region has steady increase. The recent crise have further weakened the position of these socially disadvantaged group to get access to education.
Guardado en:
| Autor principal: | |
|---|---|
| Formato: | Libro |
| Lenguaje: | Undetermined |
| Publicado: |
Singapore
UNICEF
2008
|
| Materias: | |
| Etiquetas: |
Agregar Etiqueta
Sin Etiquetas, Sea el primero en etiquetar este registro!
|
| Thư viện lưu trữ: | Trung tâm Học liệu Trường Đại học Cần Thơ |
|---|
| LEADER | 00954nam a2200217Ia 4500 | ||
|---|---|---|---|
| 001 | CTU_160675 | ||
| 008 | 210402s9999 xx 000 0 und d | ||
| 082 | |a 379.5 | ||
| 082 | |b M716 | ||
| 100 | |a Ka, Ho Mok | ||
| 245 | 0 | |a Impact of the economic crisis on education | |
| 245 | 0 | |c Ka Ho Mok | |
| 260 | |a Singapore | ||
| 260 | |b UNICEF | ||
| 260 | |c 2008 | ||
| 520 | |a In the last two decades, the number of children enrolling in school in the Asia and the Pacific region has steady increase. The recent crise have further weakened the position of these socially disadvantaged group to get access to education. | ||
| 650 | |a Education,Education,Educational innovations,Giáo dục,Giáo dục,Đổi mới giáo dục | ||
| 650 | |x Statistics,Finance,Tài chính,Thống kê | ||
| 650 | |z Asia,Asia,Asia,Châu Á,Châu Á,Châu Á | ||
| 904 | |i Thạch, Trọng Hiếu | ||
| 980 | |a Trung tâm Học liệu Trường Đại học Cần Thơ | ||